000 00890nam a2200217Ia 4500
003 Ost
005 20260507075647.0
008 260507s9999||||xx |||||||||||||| ||und||
040 _cfsecg
041 _aara
082 _a350.1
100 _aمحمد، راوية حسن
_eمؤلف
245 0 _aإدارة الموارد البشرية :
_bرؤية مستقبلية /
_c راوية حسن محمد
260 _aالإسكندرية:
_bالدار الجامعية,
_c2001
300 _a397 صفحة؛
_bإيضاحات ؛
_c24 سم
520 _aتشغيل المنظم- تدريب وتنمية الافراد- تعويضات الافراد- بعض الإتجاهات الحديثة في مجال إدارة الموارد.
653 _aإدارة الأفراد
653 _aإدارة الموارد البشرية
653 _aالموارد البشرية
942 _cكتاب
999 _c45519
_d45519